NYC 1 Train Subway Stations (Harder Version) - Statistics

General Stats
  • This quiz has been taken 61 times
  • The average score is 31 of 38
Answer Stats
Borough Neighborhood Station Transfers % Correct
Manhattan Midtown 59th Street–Columbus Circle A, B, C, D
92%
Manhattan Upper West Side 66th Street–Lincoln Center
92%
Manhattan Upper West Side 72nd Street 2, 3
92%
Manhattan Upper West Side 79th Street
92%
Manhattan Times Square Times Square–42nd Street S, N, Q, R, W, 2, 3, 7
92%
The Bronx Riverdale Van Cortlandt Park–242nd Street
92%
Manhattan Upper West Side 103rd Street
89%
Manhattan Morningside Heights 116th Street–Columbia University
89%
Manhattan Midtown 50th Street
89%
Manhattan Upper West Side 86th Street
89%
Manhattan Upper West Side 96th Street 2, 3
89%
Manhattan Morningside Heights Cathedral Parkway–110th Street
89%
Manhattan Chelsea 23rd Street
86%
Manhattan Chelsea 28th Street
86%
Manhattan Midtown 34th Street–Penn Station 2, 3
86%
Manhattan Chelsea 14th Street/Sixth Avenue F, M, 2, 3, L
84%
Manhattan Chelsea 18th Street
84%
Manhattan Marble Hill Marble Hill–225th Street
84%
Manhattan Battery Park South Ferry/Whitehall Street R
84%
Manhattan Manhattanville 125th Street
81%
Manhattan Hamilton Heights 137th Street–City College
81%
Manhattan Financial District Chambers Street 2, 3
81%
Manhattan Hamilton Heights 145th Street
78%
Manhattan Washington Heights 157th Street
76%
Manhattan Washington Heights 168th Street A, C
76%
Manhattan Inwood 207th Street
76%
Manhattan Washington Heights 181st Street
73%
Manhattan Washington Heights 191st Street
73%
Manhattan Inwood 215th Street
73%
The Bronx Kingsbridge 231st Street
73%
The Bronx Kingsbridge 238th Street
73%
Manhattan SoHo Canal Street
73%
Manhattan Inwood Dyckman Street
70%
Manhattan Greenwich Village Houston Street
70%
Manhattan Greenwich Village Christopher Street–Stonewall
68%
Manhattan Financial District Rector Street
68%
Manhattan Tribeca Franklin Street
59%
Manhattan Financial District WTC Cortlandt
57%
No matching quizzes found
Score Distribution
Percent of People with Each Score
Percentile by Number Answered
Your Score History
You have not taken this quiz